Prchavé organické zlúčeniny v čerešniach a čerešňových nápojoch bakalárska práca CD

Saved in:
Bibliographic Details
Main Author: Bulavová, Lenka
Format: Software Book
Language:Slovak
Published: Bratislava STU FCHPT 2013
Online Access:View in OPAC
Tags: Add Tag
No Tags, Be the first to tag this record!

MARC

LEADER 00000nam a2200000 a 4500
005 20260127134033.0
007 co ugu
008 130830 2013 000 0 slo d
035 |a vtls010539352 
039 9 |y 201308301056  |z mschk03 
040 |a STUSCHK1  |b slo  |c STUSCHK1  |e AACR2 
100 1 |a Bulavová, Lenka 
245 1 |a Prchavé organické zlúčeniny v čerešniach a čerešňových nápojoch  |b bakalárska práca CD  |c Lenka Bulavová 
260 |a Bratislava  |b STU FCHPT  |c 2013 
300 |a optický disk 
500 |a Obhájené: 08.07.2013 
500 |a Štud. program: Biotechnológia a potravinárska technológia 
500 |a Štud. odbor: Biotechnológie 
500 |a Škol. pracovisko: Odd. analytickej chémie 
500 |a Evid. číslo: FCHPT-13567-58240 
910 |a SCHK95 
999 |c 2604  |d 2604